<?xml version="1.0" encoding="UTF-8"?>
<collection xmlns="http://www.loc.gov/MARC21/slim">
    <record>
        <controlfield tag="001">46537</controlfield>
        <controlfield tag="005">20160610090722.0</controlfield>
        <datafield tag="037" ind1=" " ind2=" ">
            <subfield code="a">GDOC-2010-0994</subfield>
        </datafield>
        <datafield tag="041" ind1=" " ind2=" ">
            <subfield code="a">spa</subfield>
        </datafield>
        <datafield tag="100" ind1=" " ind2=" ">
            <subfield code="9"></subfield>
            <subfield code="a"></subfield>
        </datafield>
        <datafield tag="245" ind1="0" ind2="0">
            <subfield code="9">62533</subfield>
            <subfield code="a">T5-Planificación y dimensionado de redes móviles</subfield>
        </datafield>
        <datafield tag="260" ind1=" " ind2=" ">
            <subfield code="a">Zaragoza</subfield>
            <subfield code="b">Universidad de Zaragoza</subfield>
            <subfield code="c">2010-2011</subfield>
        </datafield>
        <datafield tag="520" ind1=" " ind2=" ">
            <subfield code="a">Esta asignatura se enmarca dentro de los cursos de Telemática y en ella el alumno estudiará los modelos avanzados para la planificación y dimensionamiento de redes y deduce su aplicación a las redes móviles de segunda y tercera generación. Los participantes aprenden la correlación entre los parámetros de los diferentes modelos (tráfico, movilidad y propagación) tanto desde el punto de vista teórico como práctico. Desde este último, aprenden a aplicar unas correspondientes herramientas tanto para el análisis teórico como para aplicaciones prácticas. Además del estudio de parámetros técnicos, el alumno observa su interrelación con aspectos económicos y legales en el entorno de regulación.</subfield>
        </datafield>
        <datafield tag="521" ind1=" " ind2=" ">
            <subfield code="9">631</subfield>
            <subfield code="a">Máster en Tecnologías de la Información y Comunicación en Redes Móviles</subfield>
        </datafield>
        <datafield tag="540" ind1=" " ind2=" ">
            <subfield code="a">by-nc-sa</subfield>
            <subfield code="b">Creative Commons</subfield>
            <subfield code="c">3.0</subfield>
            <subfield code="u">http://creativecommons.org/licenses/by-nc-sa/3.0/</subfield>
        </datafield>
        <datafield tag="700" ind1=" " ind2=" ">
            <subfield code="0">(orcid)0000-0001-5293-6132</subfield>
            <subfield code="a">Gutiérrez Soler, Antonio Fernando</subfield>
        </datafield>
        <datafield tag="830" ind1=" " ind2=" ">
            <subfield code="9">373</subfield>
        </datafield>
        <datafield tag="856" ind1="4" ind2=" ">
            <subfield code="s">113504</subfield>
            <subfield code="u">http://zaguan.unizar.es/record/46537/files/guia.pdf</subfield>
        </datafield>
        <datafield tag="980" ind1=" " ind2=" ">
            <subfield code="a">GDOC</subfield>
            <subfield code="b">Ingeniería y Arquitectura</subfield>
            <subfield code="c">106</subfield>
        </datafield>
    </record>

    
</collection>